| 000 | 01154nam a2200217Ii 4500 | ||
|---|---|---|---|
| 003 | JO-AjNU | ||
| 008 | 230605s9999||||xx |||||||||||||| ||und|| | ||
| 017 | _a1998/10/1770 | ||
| 040 |
_aJO-AjNU _bara _erda _cJO-AjNU |
||
| 041 | _aara | ||
| 050 | 1 | 4 | _aKBP542.A286.1998 |
| 100 | 3 |
_aتأليف أبو يحيى، محمد حسن , _eauthor _97428 |
|
| 245 | 0 | 0 | _a أحكام الزواج في الشريعة الإسلامية : دراسة فقهية مقارنة بقانون الأحوال الشخصية الأردني |
| 250 | _aط1 | ||
| 264 | 3 | 1 | _aعمان : المركز العربي للخدمات الطلابية ،1998 |
| 300 |
_a437ص _bبشتمل على قائمة بالمصادر والمراجع الببلوغرافية ص (417-429) |
||
| 336 |
_atext _btxt _2rdacontent |
||
| 337 |
_aunmediated _bn _2rdamedia |
||
| 338 |
_avolume _bnc _2rdacarrier |
||
| 650 | 4 |
_aالزواج -- قوانين وتشريعات -- الأردن -- الزواج (فقه إسلامي)-- الأحوال الشخصية للمسلمين -- الزواج (فقه إسلامي)-- الأحوال الشخصية -- قوانين وتشريعات -- الأردن _97429 |
|
| 999 |
_aA274 _c3842 _d3842 |
||